Der Landkreis: Zeitschrift für kommunale Selbstverwaltung
| Corporate Author: | |
|---|---|
| Format: | Print Journal |
| Language: | German |
| Published: |
Stuttgart
Kohlhammer
1959-
Köln Dt. Gemeindeverl. 1959-1962 Köln Berlin Grote, Abt. Der Landkreis (Spich über Troisdorf) um 1965 Köln Kohlhammer -1999 Troisdorf Grote früher |
| In: | Year: 1959 |
| Check availability: | HBZ Gateway |
| Subito Delivery Service: | Order now. |
| Volumes / Articles: | Show volumes/articles. |
| Keywords: |
MARC
| LEADER | 00000cas a2200000 c 4500 | ||
|---|---|---|---|
| 001 | 129494194 | ||
| 003 | DE-627 | ||
| 005 | 20250613213904.0 | ||
| 007 | tu | ||
| 008 | 931114c19599999gw m| p| 0 |0ger c | ||
| 015 | |a 77,A21,0104 |2 dnb | ||
| 016 | 7 | |a 011191341 |2 DE-101 | |
| 016 | 7 | |a 206908-8 |2 DE-600 | |
| 022 | |a 0342-2259 | ||
| 024 | 7 | |a 99405046 |2 swets | |
| 030 | |a LNDKDO | ||
| 035 | |a (DE-627)129494194 | ||
| 035 | |a (DE-603)047293446 | ||
| 035 | |a (DE-576)014891131 | ||
| 035 | |a (DE-599)ZDB206908-8 | ||
| 035 | |a (OCoLC)1371236642 | ||
| 040 | |a DE-627 |b ger |c DE-627 |e rakwb | ||
| 041 | |a ger | ||
| 044 | |c XA-DE | ||
| 082 | 0 | 4 | |a 340 |a 350 |q DE-600 |
| 084 | |a POL 916 |2 sfb | ||
| 084 | |a 04a |a 340 |a 350 |2 sdnb | ||
| 084 | |a 3,6 |a 3,7 |a 3,8 |a 8,1 |a 20,1 |2 ssgn | ||
| 084 | |a 88.13 |2 bkl | ||
| 084 | |a 86.57 |2 bkl | ||
| 210 | 1 | 0 | |a Landkreis |
| 222 | 0 | |a Der Landkreis | |
| 245 | 0 | 4 | |a Der Landkreis |b Zeitschrift für kommunale Selbstverwaltung |c Hrsg.: Deutscher Landkreistag, Berlin |
| 246 | 3 | 3 | |a Kommunale Datenverarbeitung |
| 246 | 3 | 3 | |a Kreisfinanzen ... |
| 246 | 3 | 3 | |a Kommunalfinanzbericht |
| 264 | 3 | 1 | |a Stuttgart |b Kohlhammer |c 1959- |
| 264 | 2 | 1 | |a Köln |b Dt. Gemeindeverl. |c 1959-1962 |
| 264 | 2 | 1 | |a Köln |a Berlin |b Grote, Abt. Der Landkreis (Spich über Troisdorf) |c um 1965 |
| 264 | 2 | 1 | |a Köln |b Kohlhammer |c -1999 |
| 264 | 2 | 1 | |a Troisdorf |b Grote |c früher |
| 336 | |a Text |b txt |2 rdacontent | ||
| 337 | |a ohne Hilfsmittel zu benutzen |b n |2 rdamedia | ||
| 338 | |a Band |b nc |2 rdacarrier | ||
| 362 | 0 | |a 29.1959 - | |
| 363 | 0 | 1 | |a 29 |i 1959 |
| 500 | |a Weitere Bände zugleich Bände von: Kreisfinanzen ...; einzelne Bände zugleich Bände von: Kommunalfinanzbericht | ||
| 500 | |a Darin: Kommunale Datenverarbeitung | ||
| 515 | |a Jg.-Zählung geht auf d. Zählung d. Zeitschr. für Selbstverwaltung zurück; 85.2015,1/2 mit zusätzlichem Titelbl. von 64.1994,12; ersch. 10x jährl. | ||
| 583 | 1 | |a Archivierung/Langzeitarchivierung gewährleistet |c 2020 |f PENW |2 pdager |5 DE-5 | |
| 583 | 1 | |3 29.1959 - |a Archivierung/Langzeitarchivierung gewährleistet |c 201911 |f DE-636 |z f eingeschränkte Benutzung |2 pdager |5 DE-46 | |
| 583 | 1 | |3 29.1959 - |a Archivierung/Langzeitarchivierung gewährleistet |c 2019 |f DE-636 |z f eingeschränkte Benutzung |2 pdager |5 DE-18 | |
| 650 | 7 | |8 1.1\x |a Kommunale Selbstverwaltung |0 (DE-627)091371287 |0 (DE-2867)19691-1 |2 stw | |
| 650 | 7 | |8 1.2\x |a Deutschland |0 (DE-627)091354749 |0 (DE-2867)18012-3 |2 stw | |
| 650 | 4 | |a Deutschland |x Verwaltung | |
| 650 | 4 | |a Kreis | |
| 650 | 4 | |a Selbstverwaltung | |
| 655 | 7 | |a Zeitschrift |0 (DE-588)4067488-5 |0 (DE-627)10454466X |0 (DE-576)20917000X |2 gnd-content | |
| 689 | 0 | 0 | |d g |0 (DE-588)4011882-4 |0 (DE-627)104704861 |0 (DE-576)208896155 |a Deutschland |2 gnd |
| 689 | 0 | 1 | |d s |0 (DE-588)4073644-1 |0 (DE-627)106091921 |0 (DE-576)209191031 |a Kommunale Selbstverwaltung |2 gnd |
| 689 | 0 | 2 | |d s |0 (DE-588)4067488-5 |0 (DE-627)10454466X |0 (DE-576)20917000X |a Zeitschrift |2 gnd |
| 689 | 0 | |5 DE-101 | |
| 689 | 1 | 0 | |d s |0 (DE-588)4073644-1 |0 (DE-627)106091921 |0 (DE-576)209191031 |a Kommunale Selbstverwaltung |2 gnd |
| 689 | 1 | |5 DE-101 | |
| 689 | 2 | 0 | |d s |0 (DE-588)4073976-4 |0 (DE-627)104393947 |0 (DE-576)209192003 |a Landkreis |2 gnd |
| 689 | 2 | |5 (DE-627) | |
| 710 | 2 | |a Deutscher Landkreistag |e Herausgebendes Organ |0 (DE-588)2008555-2 |0 (DE-627)101623836 |0 (DE-576)191635804 |4 isb | |
| 935 | |a SAXB |a BWLB |a LBGMV | ||
| 936 | b | k | |a 88.13 |j Kommunalverwaltung |0 (DE-627)106418319 |
| 936 | b | k | |a 86.57 |j Kommunalrecht |0 (DE-627)106423347 |
| 951 | |a JT | ||
| ELC | |b 1 | ||
| ORI | |a SA-MARC-krimdok_ob001.raw | ||
| SPR | |a 1 |t KRI | ||
| TIM | |a 100019901003_100020261231 |b 1990-10-03 - 2026 | ||
